Corporate governance : (Record no. 3794)
[ view plain ]
| 000 -LEADER | |
|---|---|
| fixed length control field | 00597nam a22001935i 4500 |
| 001 - CONTROL NUMBER | |
| control field | 18061607 |
| 005 - DATE AND TIME OF LATEST TRANSACTION | |
| control field | 20250210194312.0 |
| 008 - FIXED-LENGTH DATA ELEMENTS--GENERAL INFORMATION | |
| fixed length control field | 140310s2014 nyu 000 0 eng |
| 020 ## - INTERNATIONAL STANDARD BOOK NUMBER | |
| International Standard Book Number | 9783642451669 |
| 050 ## - LIBRARY OF CONGRESS CALL NUMBER | |
| Classification number | HD2741 |
| Item number | .C63 COR |
| 245 00 - TITLE STATEMENT | |
| Title | Corporate governance : |
| Remainder of title | an international perspective / |
| Statement of responsibility, etc. | [edited by] Samuel O Idowu. |
| 260 ## - PUBLICATION, DISTRIBUTION, ETC. | |
| Place of publication, distribution, etc. | New York |
| Name of publisher, distributor, etc. | Springer-Verlag Berlin Heidelberg |
| Date of publication, distribution, etc. | 2014 |
| 300 ## - PHYSICAL DESCRIPTION | |
| Extent | xxxviii. 371p. |
| Other physical details | ill. |
| Dimensions | 24 cm |
| 500 ## - GENERAL NOTE | |
| General note | Includes Index |
| 650 ## - SUBJECT ADDED ENTRY--TOPICAL TERM | |
| Source of heading or term | Governance |
| 700 ## - ADDED ENTRY--PERSONAL NAME | |
| Personal name | Idowu Samuel O. (ed.) |
| 700 ## - ADDED ENTRY--PERSONAL NAME | |
| Personal name | Caliyurt Kiymet Tunca (ed.) |
| 942 ## - ADDED ENTRY ELEMENTS (KOHA) | |
| Source of classification or shelving scheme | Library of Congress Classification |
| Koha item type | Books |
| Suppress in OPAC | No |
| 999 ## - | |
| -- | 3794 |
| -- | 3794 |
| Withdrawn status | Lost status | Source of classification or shelving scheme | Damaged status | Not for loan | Collection | Home library | Current library | Shelving location | Date acquired | Total checkouts | Full call number | Barcode | Date last seen | Copy number | Price effective from | Koha item type |
|---|---|---|---|---|---|---|---|---|---|---|---|---|---|---|---|---|
| Library of Congress Classification | Non-fiction | Business Library (Miotso) | Business Library (Miotso) | General stacks | 02/10/2025 | HD2741 .C63 COR | BSSM00000774 | 02/10/2025 | 1 | 02/10/2025 | Books | |||||
| Library of Congress Classification | Non-fiction | Business Library (Miotso) | Business Library (Miotso) | General stacks | 03/18/2026 | HD2741 .C63 COR | BSSM00002930 | 03/18/2026 | 2 | 03/18/2026 | Books | |||||
| Library of Congress Classification | Non-fiction | Business Library (Miotso) | Business Library (Miotso) | General stacks | 03/18/2026 | HD2741 .C63 COR | BSSM00002931 | 03/18/2026 | 3 | 03/18/2026 | Books | |||||
| Library of Congress Classification | Non-fiction | Graduate Library (Christ Temple) | Graduate Library (Christ Temple) | General stacks | 06/25/2025 | HD 2741.C63 COR | GSCT00001665 | 06/25/2025 | 1 | 06/25/2025 | Books | |||||
| Library of Congress Classification | Non-fiction | Graduate Library (Christ Temple) | Graduate Library (Christ Temple) | General stacks | 06/25/2025 | HD 2741.C63 COR | GSCT00001666 | 06/25/2025 | 2 | 06/25/2025 | Books |